Introduction to conservation genetics (Registro nro. 317746)
[ vista simple ]
| 000 -ENCABEZADO | |
|---|---|
| Número de control [NR] | 01022nam a2200265 c 4500 |
| 005 - FECHA Y HORA DE LA ÚLTIMA TRANSACCIÓN | |
| control field | 20200901124157.0 |
| 008 - DE LONGITUD FIJA DE DATOS DE ELEMENTOS - INFORMACIÓN GENERAL | |
| Elementos de longitud fija [NR] | 200901s2010 enka|||gr|||| 00| 0 eng d |
| 020 ## - NUMERO INTERNACIONAL NORMALIZADO PARA LIBROS [R] | |
| Número Internacional Normalizado del libro [NR] | 9780521702713 |
| 040 ## - FUENTE DE CATALOGACION [NR] | |
| Agencia de catalogación original [NR] | CO-BoUCM |
| Idioma de catalogación [NR] | spa |
| Quien Cataloga | Deissy Garcia |
| Quien Clasifica | Deissy Garcia |
| 041 0# - CODIGO DE IDIOMA [R] | |
| Código de idioma para texto/pista de sonido o título separado [R] | Inglés |
| 060 ## - SIGNATURA TOPOGRAFICA DE LA BIBLIOTECA NACIONAL DE MEDICINA (NLM) [R] | |
| Número clasificador [R] | QH 436 |
| 100 1# - ASIENTO PRINCIPAL--NOMBRE PERSONAL [NR] | |
| Nombre personal [NR] | Frankham, Richard |
| ID Autoridad | 100768 |
| 245 10 - MENCION DE TITULO [NR] | |
| Título [NR] | Introduction to conservation genetics |
| Mención de responsabilidad, etc. [NR] | Richard Frankham, Jonathan D. Ballou, David A. Briscoe ; ilustraciones Karina H. McInnes |
| 250 ## - MENCION DE EDICION [NR] | |
| Mención de edición [NR] | 2a.Ed. |
| 260 ## - PUBLICACION, DISTRIBUCION, ETC. (PIE DE IMPRENTA) [R] | |
| Nombre del editor, distribuidor, etc. [R] | Cambridge University Press |
| Lugar de publicación, distribución, etc. [R] | Cambridge |
| -- | Nueva York |
| Fecha de publicación, distribución, etc. [R] | 2010 |
| 300 ## - DESCRIPCION FISICA [R] | |
| Extensión [R] | xxiii,618 páginas |
| Otros detalles físicos [NR] | ilustraciones |
| 504 ## - NOTA DE BIBLIOGRAFIA, ETC. [R] | |
| Nota de bibliografía, etc. [NR] | Incluye referencias bibliográficas e índices |
| 650 #7 - ASIENTO SECUNDARIO DE MATERIA - TERMINO TEMATICO [R] | |
| Término temático o nombre geográfico como elemento de entrada [NR] | Genética |
| 9 (RLIN) | 207 |
| 650 #7 - ASIENTO SECUNDARIO DE MATERIA - TERMINO TEMATICO [R] | |
| Término temático o nombre geográfico como elemento de entrada [NR] | Conservación de los recursos genéticos |
| 9 (RLIN) | 11657 |
| 650 #7 - ASIENTO SECUNDARIO DE MATERIA - TERMINO TEMATICO [R] | |
| Término temático o nombre geográfico como elemento de entrada [NR] | Conservación de la naturaleza |
| 9 (RLIN) | 11653 |
| 700 1# - ASIENTO SECUNDARIO - NOMBRE PERSONAL [R] | |
| 9 (RLIN) | 100769 |
| Nombre personal [NR] | Ballou, Jonathan D. |
| 700 1# - ASIENTO SECUNDARIO - NOMBRE PERSONAL [R] | |
| 9 (RLIN) | 100770 |
| Nombre personal [NR] | Briscoe, David A. |
| 700 1# - ASIENTO SECUNDARIO - NOMBRE PERSONAL [R] | |
| 9 (RLIN) | 100771 |
| Nombre personal [NR] | McInnes, Karina H. |
| Término de relación [R] | ilustrador |
| 942 ## - ELEMENTOS DE ENTRADA AGREGADOS (KOHA) | |
| Tipo de ítem principal el descrito en 300a | Libro |
| Título oculto en OPAC | No |
| Sistema de clasificación | NLM |
| Tema principal | Ciencias puras |
| Edición | 2 |
| Clasificación | QH 436 |
| Parte restante de la signatura top. | F829i |
| Fecha de último préstamo | Total préstamos | Total Renewals | Signatura topográfica | Código de barras | Última vez visto | Volúmen / Fascículo | Ejemplar | Costo de reposición | Price effective from | Tipo de ítem | Perdido | Sistema de clasificación | Dañado | No prestable | Tipo de ítem específico | Suprimido | Ubicación habitual | Ubicación actual | Localización | Fecha de creación | Proveedor | Forma de adquisición | Costo |
|---|---|---|---|---|---|---|---|---|---|---|---|---|---|---|---|---|---|---|---|---|---|---|---|
| 15/08/2025 | 2 | 6 | QH 436 F829i | 100166526 | 02/02/2026 | 2a.Ed. | Ej.1 | 256000.00 | 06/08/2020 | Libro | NLM | Libro | Quinta de Mutis | Quinta de Mutis | 1er piso | 06/08/2020 | 156 | Compra | 256000.00 |